<?xml version="1.0" encoding="UTF-8"?>
<collection xmlns="http://www.loc.gov/MARC21/slim">
 <record>
  <leader>02037aam a22004338a 4500</leader>
  <controlfield tag="001">000016666</controlfield>
  <controlfield tag="003">13069</controlfield>
  <controlfield tag="005">20121129151155.0</controlfield>
  <controlfield tag="008">121129s2009                        viesd</controlfield>
  <datafield tag="020" ind1=" " ind2=" ">
   <subfield code="c">130000đ</subfield>
   <subfield code="d">200b</subfield>
  </datafield>
  <datafield tag="041" ind1="0" ind2=" ">
   <subfield code="a">vie</subfield>
  </datafield>
  <datafield tag="082" ind1="1" ind2="4">
   <subfield code="2">14</subfield>
   <subfield code="a">551.465</subfield>
   <subfield code="b">Biê</subfield>
  </datafield>
  <datafield tag="245" ind1="0" ind2="0">
   <subfield code="a">Biển Đông</subfield>
   <subfield code="c">Mai Thanh Tân (ch.b.), Lê Duy Bách, Đặng Văn Bát...</subfield>
   <subfield code="n">T.3</subfield>
   <subfield code="p">Địa chất - địa vật lý biển</subfield>
  </datafield>
  <datafield tag="260" ind1=" " ind2=" ">
   <subfield code="a">H.</subfield>
   <subfield code="b">Khoa học Tự nhiên và Công nghệ</subfield>
   <subfield code="c">2009</subfield>
  </datafield>
  <datafield tag="300" ind1=" " ind2=" ">
   <subfield code="a">517 tr.</subfield>
   <subfield code="b">hình vẽ, bảng</subfield>
   <subfield code="c">24 cm.</subfield>
  </datafield>
  <datafield tag="500" ind1=" " ind2=" ">
   <subfield code="a">ĐTTS ghi: Viện Khoa học và Công nghệ Việt Nam</subfield>
  </datafield>
  <datafield tag="504" ind1=" " ind2=" ">
   <subfield code="a">Thư mục: tr. 593-644</subfield>
  </datafield>
  <datafield tag="520" ind1=" " ind2=" ">
   <subfield code="a">Giới thiệu tình hình điều tra nghiên cứu địa chất - địa vật lí biển Việt Nam: đặc điểm địa hình địa mạo biển, trường địa lí và cấu trúc sâu vỏ trái đất, địa chất đệ tứ, đệ tam., trước đệ tam. Kiến tạo, lịch sử phát triển địa chất và tiềm năng dầu khí, khoáng sản biển Việt Nam</subfield>
  </datafield>
  <datafield tag="650" ind1=" " ind2=" ">
   <subfield code="2">Bộ TK TVQG</subfield>
   <subfield code="a">Địa chất</subfield>
  </datafield>
  <datafield tag="650" ind1=" " ind2=" ">
   <subfield code="2">Bộ TK TVQG</subfield>
   <subfield code="a">Địa vật lí</subfield>
  </datafield>
  <datafield tag="651" ind1=" " ind2=" ">
   <subfield code="2">Bộ TK TVQG</subfield>
   <subfield code="a">Biển Đông</subfield>
  </datafield>
  <datafield tag="651" ind1=" " ind2=" ">
   <subfield code="2">Bộ TK TVQG</subfield>
   <subfield code="a">Việt Nam</subfield>
  </datafield>
  <datafield tag="700" ind1="1" ind2=" ">
   <subfield code="a">Đặng Văn Bát</subfield>
  </datafield>
  <datafield tag="700" ind1="1" ind2=" ">
   <subfield code="a">Lê Duy Bách..</subfield>
  </datafield>
  <datafield tag="700" ind1="1" ind2=" ">
   <subfield code="a">Mai Thanh Tân</subfield>
   <subfield code="e">ch.b.</subfield>
  </datafield>
  <datafield tag="700" ind1="1" ind2=" ">
   <subfield code="a">Đỗ Bạt</subfield>
  </datafield>
  <datafield tag="700" ind1="1" ind2=" ">
   <subfield code="a">Nguyễn Biểu</subfield>
  </datafield>
  <datafield tag="773" ind1=" " ind2=" ">
   <subfield code="d">H.</subfield>
   <subfield code="d">2009</subfield>
   <subfield code="d">Nxb. Hà Nội</subfield>
   <subfield code="n">ĐTTS ghi: Viện Khoa học và Công nghệ Việt Nam</subfield>
   <subfield code="t">Biển Đông</subfield>
   <subfield code="w">436230</subfield>
  </datafield>
  <datafield tag="773" ind1=" " ind2=" ">
   <subfield code="d">Khoa học Tự nhiên và Công nghệ</subfield>
   <subfield code="d">H.</subfield>
   <subfield code="d">2009</subfield>
   <subfield code="t">Biển đông</subfield>
   <subfield code="w">13066</subfield>
  </datafield>
  <datafield tag="OWN" ind1=" " ind2=" ">
   <subfield code="a">LSP</subfield>
  </datafield>
  <datafield tag="AVA" ind1=" " ind2=" ">
   <subfield code="a">UDN50</subfield>
   <subfield code="b">LSP</subfield>
   <subfield code="d">551.465 Biê</subfield>
   <subfield code="e">available</subfield>
   <subfield code="t">Error 5001 Not defined in file expand_doc_bib_avail.</subfield>
   <subfield code="f">2</subfield>
   <subfield code="g">0</subfield>
   <subfield code="h">N</subfield>
   <subfield code="i">0</subfield>
   <subfield code="k">1</subfield>
  </datafield>
  <datafield tag="999" ind1=" " ind2=" ">
   <subfield code="a">From the UDN01</subfield>
  </datafield>
  <datafield tag="AVA" ind1=" " ind2=" ">
   <subfield code="a">UDN50</subfield>
   <subfield code="b">LSP</subfield>
   <subfield code="d">551.465 Biê</subfield>
   <subfield code="e">available</subfield>
   <subfield code="t">Error 5001 Not defined in file expand_doc_bib_avail.</subfield>
   <subfield code="f">2</subfield>
   <subfield code="g">0</subfield>
   <subfield code="h">N</subfield>
   <subfield code="i">0</subfield>
   <subfield code="k">1</subfield>
  </datafield>
  <datafield tag="TYP" ind1=" " ind2=" ">
   <subfield code="a">Monograph</subfield>
  </datafield>
  <datafield tag="TYP" ind1=" " ind2=" ">
   <subfield code="a">Printed language</subfield>
  </datafield>
  <datafield tag="980" ind1=" " ind2=" ">
   <subfield code="a">Mạng thư viện Đại học Đà Nẵng</subfield>
  </datafield>
 </record>
</collection>
